Kraje Bez Czerwonego Na Fladze - Statystyki

Ogólne statystyki
  • Ten quiz został rozwiązany 142 razy
  • Średni wynik to 22 z 45
Statystyki odpowiedzi
Kraj % Poprawnych
Szwecja
84%
Finlandia
80%
Argentyna
78%
Ukraina
77%
Brazylia
75%
Grecja
72%
Estonia
70%
Arabia Saudyjska
69%
Irlandia
69%
Indie
64%
Kazachstan
63%
Niger
60%
Nigeria
60%
Urugwaj
59%
Jamajka
57%
San Marino
55%
Izrael
53%
Bośnia i Hercegowina
52%
Kosowo
52%
Somalia
52%
Pakistan
50%
Cypr
47%
Gwatemala
44%
Honduras
41%
Wybrzeże Kości Słoniowej
41%
Botswana
40%
Palau
40%
Salwador
40%
Gabon
39%
Mikronezja
39%
Bahamy
37%
Nikaragua
36%
Nauru
35%
Wyspy Marshalla
35%
Tanzania
34%
Barbados
33%
Bhutan
31%
Katar
31%
Lesotho
31%
Rwanda
31%
Wyspy Salomona
31%
Saint Lucia
27%
Sierra Leone
27%
Sri Lanka
27%
Saint Vincent i Grenadyny
26%
Nie znaleziono quizów pasujących do podanych kryteriów
Rozkład punktacji
Procent ludzi z każdym wynikiem
Percentyl według liczby udzielonych odpowiedzi
Twoja historia wyników
Nie rozwiązałeś tego quizu